MDQL
is popping MORE tags! Check the
thread
!
Quizzes
Events
Quiz Creation
Community
Videos
Private Events
Remove Ads
Sign In
Join for FREE
Feedback
Dark Mode
Quiz Categories
Sports
Geography
Music
Movies
Television
Just For Fun
Miscellaneous
History
Literature
Language
Science
Gaming
Entertainment
Religion
Holiday
For Kids
Quiz Lab
Recent
Popular Today
Quiz Kudos Today
Editor Picks
Curator Picks
Quizzes by...
Day
Popularity
Type
Ratings
Length
Year
Community
Subscriptions
Recent Discussions
Orange Saloon
Badges
Playlists
Quests
Create
Leaderboards
Showdown
Live 5
Trivia Bingo
Activity
Puzzle Library
Sporcle Events
Private Events
Virtual Trivia
Globe League
Become a Host
Pub Owners
SporcleCon
Opinionation
Our Games
Videos
Blog
Mobile Apps
Partnerships
Remove Ads and Go Orange
Feedback
Movies
Disney
Marvel Cinematic Universe
Movie Resume
Movie Titles
Oscar
Actor
Actress
Director
Pixar
Role
Movie Quotes
Movie Characters
Box Office
Nominee
Best Picture
Star Wars
James Bond
Horror Movies
Movies
Disney
Marvel Cinematic Universe
Movie Resume
Movie Titles
Oscar
Actor
Actress
Director
Pixar
Role
Movie Quotes
Movie Characters
Box Office
Nominee
Best Picture
Star Wars
James Bond
Horror Movies
Random Quiz
Search Sporcle
×
Quiz Lab
Quiz Lab
Movies
Movie Titles
Type in answers that appear in a list
Type in answers that appear in a list
Classic
Best Score? Go Orange.
War Movies by War Stats
Can you name the war films below (some famous, some obscure) by which conflict they depict?
By
TheHestinator
7m
35 Questions
100 Plays
100 Plays
100 Plays
Comments
Comments
Give Quiz Kudos
Give Quiz Kudos
-
- Ratings
hide this ad
Random Order
Randomize order of answers
Randomize order of answers
Replay
Link that replays current quiz
Next Quiz
Link to next quiz in quiz playlist
You Got
0%
They Got
Avg Score
22%
Avg Friend Score
Upgrade to see
Score Distribution
Jump to the score distribution portion of the page
Score
0/35
Timer
07:00
0
Plays Today
War
Movie
% Correct
World War II
Saving Private Ryan
77%
Vietnam War
Full Metal Jacket
61%
Zulu War
Zulu
60%
World War I
All Quiet on the Western Front
50%
World War II
The Longest Day
47%
American Civil War
Gettysburg
40%
American Civil War
The Good, the Bad and the Ugly
40%
Third Servile War
Spartacus
39%
1905 Russian Revolution
The Battleship Potemkin
37%
World War I
Gallipoli
34%
World War II
The Big Red One
30%
World War II
The Great Escape
29%
Mexican Revolution
Duck, You Sucker
27%
World War II
The Guns of Navarone
23%
Fictional British mercenary raid in Africa
The Wild Geese
23%
World War I
Sergeant York
22%
World War II
Kelly's Heroes
17%
World War II
The Eagle Has Landed
15%
War
Movie
% Correct
World War II
Hell Is for Heroes
13%
Fictional war sparked by real-
life Perdicaris Incident
The Wind and the Lion
12%
Mahdist War
Khartoum
12%
Spanish-
American War
Rough Riders
10%
Northern Expedition
The Sand Pebbles
10%
World War I
Flyboys
10%
World War II
A Midnight Clear
9%
Mexican Revolution
The Professionals
9%
World War II
Farewell to the King
6%
Vietnam War/
Aftermath of the Vietnam War
Uncommon Valor
6%
World War I
The Lost Battalion
6%
World War II
Castle Keep
6%
Aftermath of the Vietnam War
Eastern Condors
3%
World War II
Saints and Soldiers
2%
Moro Wars
The Real Glory
2%
Vietnam War
The Siege of Firebase Gloria
2%
War of Attrition
Eagles Attack at Dawn
2%
Quiz Playlist
Details
Report
Send in Message
Add To Playlist
Classic:
Type in answers that appear in a list
Random Order:
Randomize order of answers
Quiz Source
Last Updated: Feb 16, 2017
Quiz Scoreboard
CHALLENGE
Sign Up to Join the Scoreboard
Show All
Scores
Hide
Comments
May contain spoilers
Recently Published
Street Fighter Characters
by Artimus82
Gaming
60s
9x9 Crossword: Cartoon Network
by jackfrog10
Miscellaneous
3m
College Basketball Coaching Resumes
by pancakes188
Sports
9m
More to Explore
Quiz From the Vault
Featured Blog Post
Where Did the Easter Bunny Come From?
hide this ad
You Might Also Like...
Tags
Movie Titles Quiz
War Quiz
War Films
War Movie
Today's Top Quizzes in Movies
Browse Movies
hide this ad
Today's Top Quizzes in Movie Titles
Browse Movie Titles
Top Contributed Quizzes in Movies
1
Pick 5 Posters: Directed by Spielberg
2
7-to-1: Pixar Characters
3
Hidden Star Wars Character II
4
Pick 5 Posters: Lowest-Rated Spielberg
5
Sorting Actors
6
Sorting Actresses
7
Hidden Star Wars Character III
8
Pick 5 Posters: Directed by Scorsese
9
Hidden Star Wars Character IV
10
Pick 5 Posters: Star & Director
Explore More
Trending Topics
Kpop
Anime
NBA
Marvel
Crossword
Disney
Harry Potter
Country
Puzzle
NFL
The Office
Soccer
WWE
Song
Pokémon
hide this ad
More By:
TheHestinator
Quiz
Plays
Rating
Category
Featured
Created
Classic Rock Bands/Artists: Part I
896
4.09
Music
Mar 25, 2012
Classic Rock Bands/Artists: Part II
497
4.33
Music
Sep 12, 2012
Classic Rock Bands/Artists: Part III
406
4.13
Music
Jun 9, 2013
Classic Rock Bands/Artists: Part IV
351
4.14
Music
Jan 7, 2014
Classic Rock Bands/Artists: Part V
242
3.60
Music
Oct 22, 2014
Go to Creator's Profile
Score Distribution
Quiz Creator Spotlight
TheHestinator
Follow
Send a Message
Quizzes Created
-
Created Quiz Play Count
-
More By This Creator
Popular Quizzes Today
1
Find the US States - No Outlines Minefield
2
Find the Countries of Europe - No Outlines Minefield
3
The Countries of the World
4
Find the US States
5
Risky Map Clicking: Biggest States A-Z
6
US States
7
Popular People in 1961
8
Movies - When Are They Set?
More Movies Quizzes
Horror Movies Picture Click
Published
Trending Quizzes
Risky Map Clicking: Least Populous States A-Z
Billboard Blitz: Aretha Franklin
Famous Russians: Author or Composer?
1-10 Letter G Words
Countries of the World: 200 Million BC
Recently Updated
Leaping Animals
pecheneg
Reality TV Shows (A-Z)
bhenderson79
Rickey Henderson's Hall of Fame Teammates
pecheneg
Champions League XIs: Arsenal
pecheneg
Quick Pick: Celebrities in WWE's Hall of Fame
aduchscher
A-Z Keypad Blitz II
pecheneg
Multiple Oscar Actors
pecheneg
Mystery Phrase Blitz: Oscar 'Best Actors'
pecheneg
F. Scott Fitzgerald Novels
LTH
Pick 3 Villains
ddd62291
Trending Topics
Disney
Kpop
Harry Potter
Crossword
NBA
Anime
Marvel
Pokémon
Puzzle
Country
The Office
Song
Soccer
NFL
WWE
Your Account Isn't Verified!
In order to create a playlist on Sporcle, you need to verify the email address you used during registration. Go to your
Sporcle Settings
to finish the process.
Report this User
Report this user for behavior that violates our
Community Guidelines
.
Details:
Send Report
Go to the Sporcle.com Mobile Site →
Comments